000 00988cam a22003137a 4500
003 CHAP
005 20220817043149.0
008 971013s1974 r 00010 d
010 _a67192
011 _a68164
035 _a77636
040 _cCHAP
090 _aFolleto 11803
100 0 0 _aBorlaug, Norman Ernest.
_913901
245 0 _aPoblación humana, demanda alimentaria y necesidades de la fauna y la flora
260 _aMéxico, D. F. :
_bCIMMYT,
_c1974
300 _a[8] p.
490 0 _aTraducciones y sobretiros
_v; 6
590 _aBATCH-UPD
_b10
_c20130110
_lUCH01
_h1636
590 _aBATCH-UPD
_b10
_c20130410
_lUCH01
_h1027
590 _aBATCH-UPD
_b10
_c20130914
_lUCH01
_h0148
590 _aCONVERSION
_b10
_c20130109
_lUCH01
_h1337
650 1 4 _aAlimentos
_xAbastecimiento.
650 1 4 _aPoblación.
_989360
830 0 _aTraducciones y sobretiros
_v; 6
_9114597
901 _aBK
942 _cFOLL
949 _aFolleto 11803
_bBC
_cFOLL
_d-30507
_eTS1
_i77636
_kDonaciØn
_si
999 _c67192
_d67192